000
00290nam a22001337a 4500
008
180226b xxu||||| |||| 00| 0 eng d
020
_a
9781437702125
041
_a
eng
080
_a
004
100
_a
35
101
_a
SHK
245
_a
2011 HCPCS LEVEL II
_c
CAROL.J.B
942
_2
udc
_c
BK
999
_c
43409
_d
43409